000 00664nam a2200217Ii 4500
001 12126
003 CO-ViMGA
008 241108s9999||||xx |||||||||||||| ||und||
020 _a9589298044
040 _aCO-ViMGA
_bspa
_erda
_cCO-ViMGA
041 0 _aspa
082 0 4 _a025.31 C656s
110 1 _aColombia Archivo General de la Nación,
245 1 0 _aFondo solicitudes:
_bSección Colonia catálogo e índice
264 1 _aBogotá, Colombia : Editorial Presencia, 1992
300 _avolumen
336 _atext
_btxt
_2rdacontent
337 _aunmediated
_bn
_2rdamedia
338 _avolume
_bnc
_2rdacarrier
940 _aidficha_siabuc: 11836. -- ficha_no_siabuc:12126
999 _c48017
_d48017